Nuevos enfoques para la gobernanza comercial /
Zapisane w:
| 1. autor: | |
|---|---|
| Format: | Texto |
| Hasła przedmiotowe: | |
| Etykiety: |
Dodaj etykietę
Nie ma etykietki, Dołącz pierwszą etykiete!
|
MARC
| LEADER | 00000 a a2200000 04500 | ||
|---|---|---|---|
| 001 | 13149 | ||
| 003 | |||
| 040 | |||
| 100 | |a Halle, Mark | ||
| 245 | |a Nuevos enfoques para la gobernanza comercial / |c Mark Halle | ||
| 650 | |a ASPECTOS ECONOMICOS | ||
| 650 | |a COMERCIO INTERNACIONAL | ||
| 650 | |a GOBIERNO | ||
| 650 | |a LIBERALIZACION COMERCIAL | ||
| 773 | |g volumen 9, número 2; páginas 14-15 | ||
| 999 | |c 36952 |d 36952 | ||
